Statistiques concernant Harry Potter: la Cape d'Invisibilité

Cliquez ici pour prendre le quiz!

Statistiques générales

  • Ce quiz a été pris 154 fois
    (141 depuis la dernière actualisation)
  • Le résultat moyen est 10 sur 14

Statistiques - réponses

InformationRéponse% Correct
5e proprietaireHarry Potter
100%
4e proprietaireJames Potter
98%
CreateurMort
98%
1er proprietaireMort
98%
Première apparitionHarry Potter et l'école des sorciers
97%
Derniere apparitionHarry Potter et les Reliques de la Mort
96%
6e possible proprietaireJames Sirius, Albus Severus ou Lily Luna
94%
Groupe auquel elle appartientReliques de la mort
72%
UtilisationRend invisible la personne qui la porte
72%
2e proprietaireIgnotus Peverell
69%
Auteur de ce conteBeedle le barde
62%
Conte duquel elle est tiréeLe conte des trois freres
61%
Date de création13e siècle
16%
3e proprietaireFils d'Ignotus Peverell
14%

Distribution des résultats

Percentile par nombre de réponses

% des personnes avec chaque résultat

Votre développement - résultats

Vous n’avez pas pris ce quiz depuis la dernière actualisation